| 000 | 01413nam0a2200313 4500 | ||
|---|---|---|---|
| 001 | RU\NLR\bibl\1149416 | ||
| 005 | 20250615075834.0 | ||
| 021 |
_aRU _b2007-66978 _93592 |
||
| 035 | _a(NLR Aleph) 001136220 | ||
| 090 |
_a1388971 _c1388971 |
||
| 100 | _a20071102d2007 |||y0rusy50 ca | ||
| 101 | 0 | _arus | |
| 102 | _aRU | ||
| 105 | _aa ||||||||| | ||
| 200 | 1 |
_aКруговерть откровений _eсборник стихотворений _fСергей Туренко |
|
| 210 |
_aСтарый Оскол _cРОСА _d2007 |
||
| 215 |
_a72, [4] с. _d14 |
||
| 327 | 1 | _aСодерж.: циклы: Откровение первое о самом себе; Откровение второе о своей судьбе; Откровение третье о мыслях своих; Откровение четвертое о детстве; Откровение пятое о близких сердцу датах; Откровение шестое о том, о сем и обо всем; Откровение седьмое про справедливость, ложь и зло | |
| 686 | _aШ6(2=Р)75-5 | ||
| 700 | 1 |
_aТуренко _bС. Ф. _gСергей Федорович _4070 |
|
| 801 | 0 |
_aRU _bNLR _c20071102 _gRCR |
|
| 801 | 1 |
_aRU _bNLR _c20071102 |
|
| 830 | _aпо кн. | ||
| 942 | _cBOOK | ||
| 980 | _aNB | ||
| 980 | _aNBR | ||